000 00462nam a2200181Ia 4500
008 180207s9999 xx 000 0 und d
020 _a9780394823959
050 _bL629 1972
100 _aLeSieg, Theo.
245 _aIn a people house /
245 _cTheo LeSieg ; illustrated by Roy McKie.
260 _aNew York :
260 _bRandom House, Inc.,
260 _c1972
300 _aunpaged :
300 _bcolor illustration ;
440 _aDr. Seuss.
999 _c355217
_d355217